00822nam a2200193 a 4500001001000000003000900010005001700019007000300036008004100039040002500080082002300105245009200128260005500220300003400275505019200309650004900501650004500550700003300595000028252DO-SdBNP20240229073821.0ta110407s2001 dr c 000 0 spa d aDO-SdBNPbspacBNPHU a352.56 bH887r22200aHuellas de la reforma judicial :bperiodo 1997-2001 /cpresentación Jorge Subero Isa. aSanto Domingo :bSuprema Corte de Justicia,c2001. ax, 133 p. :bretrs. ;c28 cm. aMuestra de las condiciones en que funcionaban los tribunales 9|Obras construidas y remodeladas por la Suprema Corte de Justicia por departamentos judiciales 27|Obras en construcción 123 4aEdificios públicosxRepública Dominicana 4aReforma judicialxRepública Dominicana12aSubero Isa, Jorge A.,d1947-